000 00558nam a2200229Ia 4500
008 101110s9999 xx 000 0 und d
041 _aENGLISH
082 _bSR25791
100 _aBalagurusamy E.
245 _aProgramming in ANSI
260 _c2004
_bTata McGraw Hill, New Delhi
300 _a493
365 _b175
520 _aComputer
520 _aSent to Computer Dept.,dt.30/7/04
546 _aENGLISH
630 _aProgramming in ANSI
650 _aComputer
655 _aComputer
730 _aProgramming in ANSI
942 _cBOOK
999 _c818400
_d818397